[Event "Campionat de Catalunya 2021 Sub16-20"]
[Site "Salou, Spain"]
[Date "2021.03.31"]
[Round "8.1"]
[White "Martin Barcelo, Carles"]
[Black "Sole Pijuan, Ferran"]
[Result "1/2-1/2"]
[BlackTitle "FM"]
[WhiteFideId "24561444"]
[BlackFideId "32045611"]
[WhiteElo "2258"]
[BlackElo "2156"]

1. e4 {[%clk 01:30:57]} {[%emt 00:00:02]} e5 {[%clk 01:30:39]} {[%emt
00:00:21]} 2. Nf3 {[%clk 01:31:15]} {[%emt 00:00:12]} Nc6 {[%clk 01:30:49]}
{[%emt 00:00:20]} 3. Nc3 {[%clk 01:31:16]} {[%emt 00:00:30]} Nf6 {[%clk
01:31:03]} {[%emt 00:00:16]} 4. g3 {[%clk 01:31:29]} {[%emt 00:00:17]} g6
{[%clk 01:21:47]} {[%emt 00:09:46]} 5. Bg2 {[%clk 01:28:57]} {[%emt 00:03:02]}
Bg7 {[%clk 01:22:12]} {[%emt 00:00:05]} 6. O-O {[%clk 01:26:06]} {[%emt
00:03:21]} O-O {[%clk 01:22:33]} {[%emt 00:00:09]} 7. d3 {[%clk 01:25:43]}
{[%emt 00:00:54]} d6 {[%clk 01:21:36]} {[%emt 00:01:27]} 8. h3 {[%clk
01:25:49]} {[%emt 00:00:24]} h6 {[%clk 01:17:50]} {[%emt 00:04:16]} 9. Be3
{[%clk 01:25:53]} {[%emt 00:00:25]} b6 {[%clk 01:09:18]} {[%emt 00:09:02]} 10.
d4 {[%clk 01:16:06]} {[%emt 00:10:17]} Bb7 {[%clk 01:05:46]} {[%emt 00:04:02]}
11. Qd2 {[%clk 01:10:50]} {[%emt 00:05:46]} Kh7 {[%clk 01:06:03]} {[%emt
00:00:11]} 12. Rfe1 {[%clk 01:07:39]} {[%emt 00:03:44]} Qe7 {[%clk 01:01:22]}
{[%emt 00:05:12]} 13. Rad1 {[%clk 00:56:35]} {[%emt 00:11:34]} Rad8 {[%clk
01:00:19]} {[%emt 00:01:32]} 14. Qe2 {[%clk 00:48:25]} {[%emt 00:08:40]} Nb8
{[%clk 00:54:43]} {[%emt 00:06:06]} 15. dxe5 {[%clk 00:38:28]} {[%emt
00:10:28]} dxe5 {[%clk 00:54:04]} {[%emt 00:01:08]} 16. Qc4 {[%clk 00:37:13]}
{[%emt 00:01:46]} 1/2-1/2

[Event "Campionat de Catalunya 2021 Sub16-20"]
[Site "Salou, Spain"]
[Date "2021.03.31"]
[Round "8.2"]
[White "Alvarez Albiol, Victor"]
[Black "Moya Nunez, Pau Salvador"]
[Result "1/2-1/2"]
[WhiteFideId "32065930"]
[BlackFideId "24519790"]
[WhiteElo "2246"]
[BlackElo "2016"]

1. e4 {[%clk 01:30:57]} {[%emt 00:00:02]} g6 {[%clk 01:30:53]} {[%emt
00:00:08]} 2. d4 {[%clk 01:30:00]} {[%emt 00:01:27]} Bg7 {[%clk 01:31:18]}
{[%emt 00:00:04]} 3. Nc3 {[%clk 01:28:57]} {[%emt 00:01:33]} d6 {[%clk
01:31:34]} {[%emt 00:00:15]} 4. Be3 {[%clk 01:26:03]} {[%emt 00:03:24]} a6
{[%clk 01:30:05]} {[%emt 00:01:59]} 5. a4 {[%clk 01:23:03]} {[%emt 00:03:30]}
Nd7 {[%clk 01:28:25]} {[%emt 00:02:10]} 6. Qd2 {[%clk 01:21:01]} {[%emt
00:02:32]} c5 {[%clk 01:18:58]} {[%emt 00:09:57]} 7. d5 {[%clk 01:09:29]}
{[%emt 00:12:02]} Qa5 {[%clk 01:15:42]} {[%emt 00:03:45]} 8. Nd1 {[%clk
01:01:58]} {[%emt 00:08:00]} Qxd2+ {[%clk 01:13:02]} {[%emt 00:03:11]} 9. Bxd2
{[%clk 01:01:43]} {[%emt 00:00:45]} Ndf6 {[%clk 01:09:42]} {[%emt 00:03:50]} 10.
Nc3 {[%clk 00:59:12]} {[%emt 00:03:01]} Nh6 {[%clk 01:03:42]} {[%emt 00:06:30]}
11. Bc4 {[%clk 00:55:48]} {[%emt 00:03:54]} O-O {[%clk 01:02:19]} {[%emt
00:01:54]} 12. f4 {[%clk 00:52:17]} {[%emt 00:04:00]} Ne8 {[%clk 00:56:05]}
{[%emt 00:06:43]} 13. Nf3 {[%clk 00:46:12]} {[%emt 00:06:35]} Bg4 {[%clk
00:56:20]} {[%emt 00:00:15]} 14. Kf2 {[%clk 00:39:30]} {[%emt 00:07:12]} Bxf3
{[%clk 00:51:45]} {[%emt 00:05:05]} 15. Kxf3 {[%clk 00:38:00]} {[%emt
00:02:00]} f5 {[%clk 00:49:26]} {[%emt 00:02:50]} 16. Rhe1 {[%clk 00:25:37]}
{[%emt 00:12:53]} Bd4 {[%clk 00:37:02]} {[%emt 00:12:53]} 17. h3 {[%clk
00:23:20]} {[%emt 00:02:46]} g5 {[%clk 00:34:03]} {[%emt 00:03:29]} 18. g3
{[%clk 00:21:27]} {[%emt 00:02:23]} Ng7 {[%clk 00:22:04]} {[%emt 00:12:30]} 19.
e5 {[%clk 00:16:56]} {[%emt 00:05:02]} g4+ {[%clk 00:20:57]} {[%emt 00:01:36]}
20. Kg2 {[%clk 00:16:28]} {[%emt 00:00:57]} gxh3+ {[%clk 00:21:17]} {[%emt
00:00:10]} 21. Kxh3 {[%clk 00:16:39]} {[%emt 00:00:19]} Ng4 {[%clk 00:19:38]}
{[%emt 00:02:09]} 22. Kg2 {[%emt 00:03:14]} Kh8 {[%emt 00:00:05]} 1/2-1/2

[Event "Campionat de Catalunya 2021 Sub16-20"]
[Site "Salou, Spain"]
[Date "2021.03.31"]
[Round "8.3"]
[White "Vinolas Anglada, Laura"]
[Black "Masague Artero, Guerau"]
[Result "0-1"]
[BlackTitle "FM"]
[WhiteFideId "24517925"]
[BlackFideId "32098952"]
[WhiteElo "1798"]
[BlackElo "2273"]

1. e4 {[%clk 01:30:59]} {[%emt 00:00:01]} c5 {[%emt 00:00:06]} 2. Nf3 {[%clk
01:31:20]} {[%emt 00:00:09]} Nc6 {[%clk 01:30:18]} {[%emt 00:01:05]} 3. d4
{[%clk 01:31:44]} {[%emt 00:00:06]} cxd4 {[%clk 01:30:44]} {[%emt 00:00:04]} 4.
Nxd4 {[%clk 01:32:08]} {[%emt 00:00:05]} Nf6 {[%clk 01:31:11]} {[%emt
00:00:02]} 5. Nc3 {[%clk 01:32:25]} {[%emt 00:00:14]} d6 {[%clk 01:29:10]}
{[%emt 00:02:31]} 6. Be2 {[%clk 01:31:58]} {[%emt 00:00:57]} g6 {[%clk
01:29:19]} {[%emt 00:00:21]} 7. O-O {[%clk 01:31:00]} {[%emt 00:01:28]} Bg7
{[%clk 01:29:43]} {[%emt 00:00:06]} 8. Nb3 {[%clk 01:30:08]} {[%emt 00:01:21]}
O-O {[%clk 01:29:57]} {[%emt 00:00:16]} 9. Re1 {[%clk 01:29:12]} {[%emt
00:01:26]} Be6 {[%clk 01:22:39]} {[%emt 00:07:48]} 10. Bf1 {[%clk 01:26:26]}
{[%emt 00:03:16]} Rc8 {[%clk 01:22:10]} {[%emt 00:00:59]} 11. h3 {[%clk
01:09:25]} {[%emt 00:17:30]} Ne5 {[%clk 01:17:30]} {[%emt 00:05:11]} 12. Nd5
{[%clk 01:02:05]} {[%emt 00:07:49]} Nc4 {[%clk 01:12:22]} {[%emt 00:05:38]} 13.
c3 {[%clk 00:48:10]} {[%emt 00:14:25]} Bxd5 {[%clk 01:11:26]} {[%emt 00:01:27]}
14. exd5 {[%clk 00:48:30]} {[%emt 00:00:09]} Nb6 {[%clk 01:11:50]} {[%emt
00:00:06]} 15. Bg5 {[%clk 00:41:06]} {[%emt 00:07:54]} Nfxd5 {[%clk 01:06:21]}
{[%emt 00:06:00]} 16. c4 {[%clk 00:34:33]} {[%emt 00:07:03]} Nf6 {[%clk
01:04:58]} {[%emt 00:01:53]} 17. c5 {[%clk 00:30:45]} {[%emt 00:04:18]} dxc5
{[%clk 01:03:00]} {[%emt 00:02:27]} 18. Qxd8 {[%clk 00:26:54]} {[%emt
00:04:21]} Rfxd8 {[%clk 01:02:07]} {[%emt 00:01:23]} 19. Rxe7 {[%emt 00:00:31]}
h6 {[%clk 01:00:25]} {[%emt 00:02:12]} 20. Be3 {[%clk 00:21:54]} {[%emt
00:05:28]} Rd7 {[%clk 00:52:39]} {[%emt 00:08:17]} 21. Rxd7 {[%clk 00:14:04]}
{[%emt 00:08:20]} Nfxd7 {[%clk 00:52:55]} {[%emt 00:00:14]} 22. Bb5 {[%clk
00:12:23]} {[%emt 00:02:10]} Bxb2 {[%clk 00:44:58]} {[%emt 00:08:27]} 23. Rd1
{[%clk 00:10:58]} {[%emt 00:01:55]} Rc7 {[%clk 00:43:56]} {[%emt 00:01:32]} 24.
a4 {[%clk 00:10:33]} {[%emt 00:00:55]} a6 {[%clk 00:33:02]} {[%emt 00:11:24]}
25. a5 {[%clk 00:09:53]} {[%emt 00:01:10]} axb5 {[%clk 00:32:48]} {[%emt
00:00:44]} 26. axb6 {[%clk 00:10:17]} {[%emt 00:00:06]} Nxb6 {[%clk 00:33:11]}
{[%emt 00:00:06]} 27. Bxc5 {[%clk 00:09:29]} {[%emt 00:01:18]} Na4 {[%clk
00:29:06]} {[%emt 00:04:35]} 28. Rd8+ {[%clk 00:09:07]} {[%emt 00:00:53]} Kg7
{[%clk 00:27:27]} {[%emt 00:02:08]} 29. Bd4+ {[%clk 00:09:11]} {[%emt
00:00:25]} Bxd4 {[%clk 00:27:47]} {[%emt 00:00:11]} 30. Rxd4 {[%clk 00:09:34]}
{[%emt 00:00:06]} Kf6 {[%clk 00:25:44]} {[%emt 00:02:33]} 31. Rb4 {[%clk
00:09:17]} {[%emt 00:00:47]} Nc3 {[%clk 00:25:55]} {[%emt 00:00:20]} 32. Nd2
{[%clk 00:06:19]} {[%emt 00:03:27]} Ke5 {[%clk 00:25:42]} {[%emt 00:00:44]} 33.
Nb1 {[%clk 00:05:39]} {[%emt 00:01:10]} Ne2+ {[%clk 00:22:26]} {[%emt
00:03:47]} 34. Kh2 {[%clk 00:04:17]} {[%emt 00:01:51]} Nd4 {[%clk 00:22:52]}
{[%emt 00:00:04]} 35. Kg3 {[%clk 00:02:19]} {[%emt 00:02:28]} Kd5 {[%clk
00:23:03]} {[%emt 00:00:19]} 36. Kf4 {[%clk 00:02:22]} {[%emt 00:00:28]} Rc2
{[%clk 00:22:37]} {[%emt 00:00:56]} 37. Na3 {[%clk 00:01:28]} {[%emt 00:01:23]}
g5+ {[%clk 00:21:51]} {[%emt 00:01:16]} 38. Ke3 {[%clk 00:01:17]} {[%emt
00:00:40]} Rc3+ {[%clk 00:22:17]} {[%emt 00:00:05]} 39. Kd2 {[%clk 00:01:24]}
{[%emt 00:00:24]} Rxa3 {[%clk 00:22:42]} {[%emt 00:00:06]} 0-1

[Event "Campionat de Catalunya 2021 Sub16-20"]
[Site "Salou, Spain"]
[Date "2021.03.31"]
[Round "8.4"]
[White "Garcia Escoda, Marc"]
[Black "Salvans Serra, Arnau"]
[Result "1-0"]
[WhiteFideId "24509655"]
[BlackFideId "24586153"]
[WhiteElo "2094"]
[BlackElo "2107"]

1. c4 {[%clk 01:30:59]} e5 {[%clk 01:30:44]} {[%emt 00:00:17]} 2. Nf3 {[%clk
01:31:20]} {[%emt 00:00:08]} Nc6 {[%clk 01:28:56]} {[%emt 00:02:18]} 3. d4
{[%clk 01:31:39]} {[%emt 00:00:11]} e4 {[%clk 01:21:17]} {[%emt 00:08:10]} 4.
Nfd2 {[%clk 01:26:47]} {[%emt 00:05:22]} f5 {[%clk 01:19:57]} {[%emt 00:01:50]}
5. Nb3 {[%clk 01:20:08]} {[%emt 00:07:09]} Nf6 {[%clk 01:18:46]} {[%emt
00:01:41]} 6. Nc3 {[%clk 01:20:00]} {[%emt 00:00:38]} Be7 {[%clk 01:17:15]}
{[%emt 00:02:00]} 7. h3 {[%clk 01:17:39]} {[%emt 00:02:51]} d6 {[%clk
01:16:03]} {[%emt 00:01:42]} 8. Bf4 {[%clk 01:17:37]} {[%emt 00:00:31]} a5
{[%clk 01:15:21]} {[%emt 00:01:14]} 9. e3 {[%clk 01:16:27]} {[%emt 00:01:40]}
Bd7 {[%clk 01:08:58]} {[%emt 00:06:52]} 10. c5 {[%clk 01:06:45]} {[%emt
00:10:12]} O-O {[%clk 01:04:20]} {[%emt 00:05:08]} 11. Bc4+ {[%clk 01:06:50]}
{[%emt 00:00:25]} Kh8 {[%clk 01:04:42]} {[%emt 00:00:08]} 12. Nb5 {[%clk
00:55:07]} {[%emt 00:12:13]} Be8 {[%clk 00:59:13]} {[%emt 00:05:59]} 13. O-O
{[%clk 00:42:22]} {[%emt 00:13:16]} Nh5 {[%clk 00:52:47]} {[%emt 00:06:55]} 14.
Bh2 {[%clk 00:42:09]} {[%emt 00:00:43]} f4 {[%clk 00:53:00]} {[%emt 00:00:17]}
15. Be2 {[%emt 00:10:16]} f3 {[%clk 00:46:41]} {[%emt 00:02:23]} 16. gxf3
{[%clk 00:35:50]} {[%emt 00:01:30]} exf3 {[%clk 00:45:01]} {[%emt 00:02:10]} 17.
Bxf3 {[%clk 00:36:10]} {[%emt 00:00:10]} Nf6 {[%clk 00:44:22]} {[%emt
00:01:09]} 18. cxd6 {[%clk 00:35:39]} {[%emt 00:01:01]} cxd6 {[%emt 00:02:36]}
19. Rc1 {[%clk 00:32:29]} {[%emt 00:01:29]} Rc8 {[%clk 00:41:14]} {[%emt
00:03:44]} 20. Bg2 {[%clk 00:29:23]} {[%emt 00:03:35]} Bh5 {[%clk 00:37:10]}
{[%emt 00:04:33]} 21. Qd2 {[%clk 00:29:18]} {[%emt 00:00:35]} Qd7 {[%clk
00:37:07]} {[%emt 00:00:33]} 22. Nxa5 {[%clk 00:26:51]} {[%emt 00:02:57]} Nxa5
{[%clk 00:36:12]} {[%emt 00:01:25]} 23. Qxa5 {[%clk 00:27:19]} {[%emt
00:00:01]} Be2 {[%clk 00:36:16]} {[%emt 00:00:26]} 24. Rxc8 {[%clk 00:18:05]}
{[%emt 00:09:45]} Rxc8 {[%clk 00:36:36]} {[%emt 00:00:09]} 25. Na7 {[%clk
00:16:17]} {[%emt 00:02:18]} Bxf1 {[%clk 00:32:39]} {[%emt 00:04:27]} 26. Nxc8
{[%clk 00:15:41]} {[%emt 00:01:07]} Bxg2 {[%clk 00:32:43]} {[%emt 00:00:25]} 27.
Nxe7 {[%clk 00:16:02]} {[%emt 00:00:09]} Bxh3 {[%emt 00:01:38]} 28. Nd5 {[%emt
00:08:19]} Qc8 {[%emt 00:03:41]} 29. Bg3 {[%emt 00:05:14]} Ng4 {[%emt
00:03:29]} 30. Qc7 {[%clk 00:07:41]} {[%emt 00:02:43]} Qf8 {[%clk 00:16:23]}
{[%emt 00:03:06]} 31. Nf4 {[%emt 00:01:04]} g5 {[%clk 00:14:39]} {[%emt
00:01:23]} 32. Nxh3 {[%clk 00:08:17]} {[%emt 00:00:12]} Qf5 {[%clk 00:13:59]}
{[%emt 00:01:10]} 33. Qd8+ {[%clk 00:08:27]} {[%emt 00:00:20]} 1-0

[Event "Campionat de Catalunya 2021 Sub16-20"]
[Site "Salou, Spain"]
[Date "2021.03.31"]
[Round "8.5"]
[White "Alcala Gonzalez, Cesar"]
[Black "Bernado Lopez, Roger"]
[Result "0-1"]
[WhiteFideId "24584878"]
[BlackFideId "24585009"]
[WhiteElo "2110"]
[BlackElo "2139"]

1. d4 {[%emt 00:00:01]} g6 {[%emt 00:00:04]} 2. c4 {[%emt 00:00:10]} Bg7 {[%emt
00:00:03]} 3. e4 {[%emt 00:00:05]} d6 {[%emt 00:00:03]} 4. Nc3 {[%emt
00:00:09]} Nf6 {[%emt 00:00:05]} 5. f3 {[%emt 00:00:04]} O-O {[%emt 00:00:06]}
6. Be3 {[%emt 00:00:06]} e5 {[%emt 00:00:04]} 7. d5 {[%emt 00:00:05]} c6 {[%emt
00:00:10]} 8. Qd2 {[%emt 00:00:49]} cxd5 {[%emt 00:00:06]} 9. cxd5 {[%emt
00:00:02]} Nbd7 {[%emt 00:00:08]} 10. g4 {[%emt 00:00:20]} h5 {[%emt 00:01:15]}
11. g5 {[%emt 00:01:04]} Nh7 {[%emt 00:00:13]} 12. Nge2 {[%emt 00:01:37]} a6
{[%emt 00:00:16]} 13. Nc1 {[%emt 00:03:04]} f6 {[%emt 00:00:29]} 14. gxf6
{[%emt 00:01:12]} Rxf6 {[%emt 00:00:28]} 15. Be2 {[%emt 00:01:03]} Rf7 {[%emt
00:04:32]} 16. Nd3 {[%emt 00:02:12]} Bf6 {[%emt 00:02:30]} 17. O-O-O {[%emt
00:02:35]} b5 {[%emt 00:03:26]} 18. Rhg1 {[%emt 00:01:16]} Ndf8 {[%emt
00:05:38]} 19. f4 {[%emt 00:08:26]} exf4 {[%emt 00:01:17]} 20. Nxf4 {[%emt
00:00:18]} b4 {[%emt 00:04:01]} 21. Nxg6 {[%emt 00:04:36]} Rg7 {[%emt
00:00:34]} 22. Na4 {[%emt 00:18:55]} Nxg6 {[%emt 00:01:38]} 23. Bh6 {[%emt
00:03:53]} Bd7 {[%emt 00:10:01]} 24. Bxg7 {[%emt 00:06:47]} Kxg7 {[%emt
00:04:48]} 25. Bxh5 {[%emt 00:05:14]} Bg5 {[%emt 00:13:56]} 26. Rxg5 {[%emt
00:00:41]} Rc8+ {[%emt 00:03:46]} 27. Kb1 {[%emt 00:01:06]} Qxg5 {[%emt
00:00:53]} 28. Qxg5 {[%emt 00:03:40]} Nxg5 {[%emt 00:00:02]} 29. Nb6 {[%emt
00:01:27]} Nf4 {[%emt 00:17:39]} 30. Nxc8 {[%emt 00:01:44]} Bxc8 {[%emt
00:00:06]} 31. Rg1 {[%emt 00:06:06]} Kf6 {[%emt 00:01:22]} 32. Bg4 {[%emt
00:00:25]} Bb7 {[%emt 00:02:40]} 33. Bf5 {[%emt 00:10:11]} Bxd5 {[%emt
00:03:59]} 34. exd5 {[%emt 00:00:11]} Kxf5 {[%emt 00:00:04]} 35. Kc2 {[%emt
00:01:57]} Nf3 {[%emt 00:01:56]} 36. Rh1 {[%emt 00:00:54]} Nd4+ {[%emt
00:02:22]} 37. Kd2 {[%emt 00:00:28]} Nh3 {[%emt 00:02:00]} 38. Ke3 {[%emt
00:01:11]} Ke5 {[%emt 00:00:53]} 39. Rd1 {[%emt 00:00:24]} Nf5+ {[%emt
00:00:39]} 40. Kf3 {[%emt 00:00:56]} Ng5+ {[%emt 00:00:24]} 41. Kf2 {[%emt
00:01:21]} Ne4+ {[%emt 00:01:47]} 42. Kf3 {[%emt 00:00:45]} Nh4+ {[%emt
00:02:03]} 43. Ke2 {[%emt 00:01:31]} Nf5 {[%emt 00:01:03]} 44. Kf3 {[%emt
00:01:24]} Nh4+ {[%emt 00:02:11]} 45. Ke2 {[%emt 00:01:13]} Nf6 {[%emt
00:00:55]} 46. Rg1 {[%emt 00:01:16]} Nxd5 {[%emt 00:01:23]} 47. Rg4 {[%emt
00:01:22]} Nf5 {[%emt 00:00:39]} 48. Kd3 {[%emt 00:00:19]} Nf4+ {[%emt
00:00:59]} 49. Kd2 {[%emt 00:00:37]} d5 {[%emt 00:00:35]} 50. Rg8 {[%emt
00:00:39]} Ne6 {[%emt 00:01:18]} 51. Re8 {[%emt 00:01:40]} d4 {[%emt 00:00:34]}
52. Kd3 {[%emt 00:00:42]} Kd5 {[%emt 00:00:22]} 53. Rh8 {[%emt 00:01:01]} Nf4+
{[%emt 00:02:12]} 54. Kd2 {[%emt 00:00:40]} Nd6 {[%emt 00:00:41]} 55. Rd8
{[%emt 00:00:41]} Ke5 {[%emt 00:00:22]} 56. h4 {[%emt 00:00:20]} Ne4+ {[%emt
00:00:32]} 57. Kd1 {[%emt 00:00:43]} d3 {[%emt 00:00:49]} 58. a3 {[%emt
00:01:59]} b3 {[%emt 00:00:42]} 59. h5 {[%emt 00:01:18]} Nxh5 {[%emt 00:03:13]}
60. Rb8 {[%emt 00:02:02]} Kd4 {[%emt 00:01:59]} 61. Rxb3 {[%emt 00:00:24]} Ke3
{[%emt 00:00:21]} 62. Kc1 {[%emt 00:00:22]} Ke2 {[%emt 00:00:29]} 63. Rxd3
{[%emt 00:00:10]} Kxd3 {[%emt 00:00:06]} 0-1

[Event "Campionat de Catalunya 2021 Sub16-20"]
[Site "Salou, Spain"]
[Date "2021.03.31"]
[Round "8.6"]
[White "Creixans Comerma, Pol"]
[Black "Travesset Sagre, Jan"]
[Result "0-1"]
[WhiteFideId "24585238"]
[BlackFideId "24538701"]
[WhiteElo "1782"]
[BlackElo "2129"]

1. Nf3 {[%emt 00:00:02]} d5 {[%emt 00:00:10]} 2. g3 {[%emt 00:00:27]} Nd7
{[%emt 00:00:06]} 3. d4 {[%emt 00:04:03]} Nb6 {[%emt 00:00:08]} 4. Bg2 {[%emt
00:03:10]} Bf5 {[%emt 00:00:07]} 5. O-O {[%emt 00:01:33]} e6 {[%emt 00:00:05]}
6. Nbd2 {[%emt 00:04:13]} Nf6 {[%emt 00:03:19]} 7. c4 {[%emt 00:05:42]} dxc4
{[%emt 00:10:00]} 8. Nxc4 {[%emt 00:00:29]} Nxc4 {[%emt 00:00:56]} 9. Qa4+
{[%emt 00:00:08]} c6 {[%emt 00:00:08]} 10. Qxc4 {[%emt 00:00:07]} Be4 {[%emt
00:17:21]} 11. Bh3 {[%emt 00:01:25]} Bxf3 {[%emt 00:01:53]} 12. exf3 {[%emt
00:00:13]} Qd5 {[%emt 00:06:14]} 13. Qc3 {[%emt 00:12:49]} Rd8 {[%emt
00:13:05]} 14. Be3 {[%emt 00:04:25]} Bd6 {[%emt 00:05:23]} 15. Bg2 {[%emt
00:02:52]} O-O {[%emt 00:00:03]} 16. Rfc1 {[%emt 00:06:50]} Rd7 {[%emt
00:01:10]} 17. b4 {[%emt 00:01:10]} Qb5 {[%emt 00:01:13]} 18. a3 {[%emt
00:02:49]} Nd5 {[%emt 00:00:26]} 19. Qb3 {[%emt 00:00:33]} a6 {[%emt 00:09:21]}
20. f4 {[%emt 00:06:03]} Be7 {[%emt 00:01:10]} 21. g4 {[%emt 00:00:52]} Bd6
{[%emt 00:14:22]} 22. g5 {[%emt 00:00:36]} Nxf4 {[%emt 00:03:27]} 23. Bxf4
{[%emt 00:01:13]} Bxf4 {[%emt 00:00:09]} 24. Rc5 {[%emt 00:01:01]} Qb6 {[%emt
00:00:01]} 25. Rd1 {[%emt 00:06:19]} Qd8 {[%emt 00:01:03]} 26. Rc4 {[%emt
00:02:52]} Qxg5 {[%emt 00:02:37]} 27. a4 {[%emt 00:00:45]} Rfd8 {[%emt
00:00:37]} 28. b5 {[%emt 00:01:31]} axb5 {[%emt 00:00:17]} 29. axb5 {[%emt
00:12:54]} e5 {[%emt 00:00:44]} 30. bxc6 {[%emt 00:01:12]} bxc6 {[%emt
00:00:52]} 31. Rc5 {[%emt 00:00:35]} g6 {[%emt 00:04:48]} 32. d5 {[%emt
00:00:31]} cxd5 {[%emt 00:02:02]} 33. Rcxd5 {[%emt 00:00:10]} Rxd5 {[%emt
00:00:25]} 34. Rxd5 {[%emt 00:00:08]} Rc8 {[%emt 00:02:55]} 35. Rd1 {[%emt
00:04:27]} Kg7 {[%emt 00:00:36]} 36. Qf3 {[%emt 00:01:06]} Re8 {[%emt
00:01:18]} 37. Qc3 {[%emt 00:02:15]} Bxh2+ {[%emt 00:00:04]} 38. Kf1 {[%emt
00:00:50]} Bf4 {[%emt 00:00:53]} 39. Rd7 {[%emt 00:01:34]} Rd8 {[%emt
00:00:56]} 40. Rxd8 {[%emt 00:00:35]} Qxd8 {[%emt 00:00:01]} 41. Bf3 {[%emt
00:00:40]} h5 {[%emt 00:00:19]} 42. Qc2 {[%emt 00:00:17]} Qg5 {[%emt 00:00:26]}
43. Qe4 {[%emt 00:00:16]} h4 {[%emt 00:00:28]} 44. Bg2 {[%emt 00:00:44]} Qg4
{[%emt 00:00:26]} 45. Qf3 {[%emt 00:00:26]} Qxf3 {[%emt 00:00:14]} 46. Bxf3
{[%emt 00:00:13]} f5 {[%emt 00:00:18]} 47. Kg2 {[%emt 00:00:43]} Kf6 {[%emt
00:01:11]} 48. Bd5 {[%emt 00:00:26]} Bd2 {[%emt 00:00:29]} 49. f3 {[%emt
00:00:37]} Kg5 {[%emt 00:00:15]} 50. Bf7 {[%emt 00:00:35]} Be1 {[%emt
00:00:37]} 51. Be8 {[%emt 00:00:19]} Bg3 {[%emt 00:01:05]} 52. Bf7 {[%emt
00:00:14]} e4 {[%emt 00:01:07]} 53. fxe4 {[%emt 00:00:47]} fxe4 {[%emt
00:00:01]} 54. Be8 {[%emt 00:00:29]} Kf5 {[%emt 00:00:27]} 55. Bf7 {[%emt
00:00:36]} g5 {[%emt 00:00:18]} 56. Bh5 {[%emt 00:00:39]} Kf4 {[%emt 00:00:40]}
57. Kh3 {[%emt 00:00:28]} Ke3 {[%emt 00:00:10]} 58. Kg2 {[%emt 00:00:14]} Kd2
{[%emt 00:00:25]} 59. Kf1 {[%emt 00:00:20]} h3 {[%emt 00:00:26]} 0-1